|
|
|
|
| LEADER |
01348nam a2200361 a 4500 |
| 001 |
000700691 |
| 003 |
CZ BrMZK |
| 005 |
20081216115919.0 |
| 007 |
ta |
| 008 |
031216s2003 xr g 000 f cze d |
| 015 |
|
|
|a cnb001277121
|
| 020 |
|
|
|a 80-249-0279-6
|q (váz.)
|
| 035 |
|
|
|a (OCoLC)56847324
|
| 040 |
|
|
|a BOA001
|b cze
|
| 041 |
1 |
|
|a cze
|h eng
|
| 072 |
|
7 |
|a 821.111-3
|x Anglická próza, anglicky psaná
|2 Konspekt
|9 25
|
| 080 |
|
|
|a 821.111-3
|2 MRF
|
| 080 |
|
|
|a (0:82-311.6)
|2 MRF
|
| 080 |
|
|
|a (0:82-312.5)
|2 MRF
|
| 100 |
1 |
|
|a Chadwick, Elizabeth,
|d 1957-
|7 xx0000055
|4 aut
|
| 245 |
1 |
0 |
|a Vikingův plášť /
|c Elizabeth Chadwicková ; [z anglického originálu ... přeložila Marcela Nejedlá]
|
| 250 |
|
|
|a Vyd. 1.
|
| 260 |
|
|
|a V Praze :
|b Ikar,
|c 2003
|
| 300 |
|
|
|a 461 s. ;
|c 21 cm
|
| 500 |
|
|
|a Dostupné též v digitální podobě v aplikaci Kramerius
|
| 655 |
|
7 |
|a anglické romány
|7 fd131814
|2 czenas
|
| 655 |
|
7 |
|a historické romány
|7 fd132414
|2 czenas
|
| 655 |
|
7 |
|a milostné romány
|7 fd132840
|2 czenas
|
| 765 |
0 |
|
|t <<The >>winter mantle
|9 Česky
|
| 856 |
4 |
1 |
|u http://www.digitalniknihovna.cz/mzk/uuid/uuid:3e7a0590-56e2-11e5-bf4b-005056827e51
|y Digitalizovaný dokument
|x NDK
|
| 910 |
|
|
|a BOA001
|b 2-1128.247
|
| 990 |
|
|
|a BK
|
| 996 |
6 |
|
|b 2610209626
|c 2-1128.247
|l MZK
|r Sklad / do 1 hodiny
|n 6
|p p.v.
|w 000700691
|u 000010
|a 1
|e BOA001
|j MZK50
|s P
|